A l’articulation de la nature et de la culture : le rite (notice n° 1882382)

détails MARC
000 -LEADER
fixed length control field 01194cam a2200157 4500500
005 - DATE AND TIME OF LATEST TRANSACTION
control field 20260329013655.0
041 ## - LANGUAGE CODE
Language code of text/sound track or separate title fre
042 ## - AUTHENTICATION CODE
Authentication code dc
100 10 - MAIN ENTRY--PERSONAL NAME
Personal name Malamoud, Charles
Relator term author
245 00 - TITLE STATEMENT
Title A l’articulation de la nature et de la culture : le rite
260 ## - PUBLICATION, DISTRIBUTION, ETC.
Date of publication, distribution, etc. 1985.<br/>
500 ## - GENERAL NOTE
General note 76
520 ## - SUMMARY, ETC.
Summary, etc. L’article porte sur un dispositif de formation continue d’enseignants de cycle 3 à l’enseignement de l’orthographe. La formation propose trois situations pour la classe à même de favoriser le transfert progressif des connaissances grammaticales des élèves vers la production écrite, en privilégiant l’observation linguistique, la verbalisation métagraphique et le raisonnement grammatical : les corpus d’apprentissage, la phrase dictée ciblée, la production d’écrits courts. En formation, les enseignants vivent les situations proposées aux élèves et sont amenés à questionner les notions linguistiques, les compétences en jeu et les gestes professionnels efficaces.
786 0# - DATA SOURCE ENTRY
Note Le Genre humain | 12 | 1 | 1985-03-21 | p. 233-246 | 0293-0277
856 41 - ELECTRONIC LOCATION AND ACCESS
Uniform Resource Identifier <a href="https://shs.cairn.info/revue-le-genre-humain-1985-1-page-233?lang=fr&redirect-ssocas=7080">https://shs.cairn.info/revue-le-genre-humain-1985-1-page-233?lang=fr&redirect-ssocas=7080</a>

Pas d'exemplaire disponible.

PLUDOC

PLUDOC est la plateforme unique et centralisée de gestion des bibliothèques physiques et numériques de Guinée administré par le CEDUST. Elle est la plus grande base de données de ressources documentaires pour les Étudiants, Enseignants chercheurs et Chercheurs de Guinée.

Adresse

627 919 101/664 919 101

25 boulevard du commerce
Kaloum, Conakry, Guinée

Réseaux sociaux

Powered by Netsen Group @ 2025